Cesty českých panovníků

Titel: Cesty českých panovníků / Jiří Fidler, Jaroslav Synek
Verfasser: ;
Ausgabe: Vydání první
Veröffentlicht: Praha : Euromedia Group, 2024
Umfang: 255 Seiten : Illustrationen, Porträts, Faksimiles, Karten ; 28 cm
Format: Buch
Sprache: Tschechisch
Schriftenreihe/
mehrbändiges Werk:
Universum
Schlagworte:
ISBN: 9788024294162 ; 8024294168
Buchumschlag
X
alg: 53158103
001A    $03004:07-07-25 
001B    $03004:11-08-25 $t09:43:25.000 
001D    $01999:31-07-25 
001U    $0utf8 
001X    $00 
002@    $0Aay 
002C    $aText $btxt $2rdacontent 
002C    $aunbewegtes Bild $bsti $2rdacontent 
002D    $aohne Hilfsmittel zu benutzen $bn $2rdamedia 
002E    $aBand $bnc $2rdacarrier 
003@    $0531581039 
004A    $A978-80-242-9416-2 $f((vázáno)) 
004A    $080-242-9416-8 
006C    $01505964118 $aOCoLC 
007A    $0531581039 $aHEB 
010@    $acze 
010E    $erda 
011@    $a2024 $n2024 
021A    $aCesty českých panovníků $hJiří Fidler, Jaroslav Synek 
028A    $BVerfasser $4aut $71070634700 $8Fidler, Jiří$Z1961- [Tp3] $9358677246 
028C    $BVerfasser $4aut $7 $8Synek, Jaroslav [Tnd] $9218685556 
032@    $aVydání první 
033A    $pPraha $nEuromedia Group 
034D    $a255 Seiten 
034I    $a28 cm 
034M    $aIllustrationen, Porträts, Faksimiles, Karten 
036G    $aUniversum 
037A    $aLiteraturverzeichnis: Seite 254-255 
044A    $apřehledy $2czenas $S#7 $N655 
044A    $aobrazové publikace $2czenas $S#7 $N655 
044A    $asurveys $2czenas $S#7 $N655 
044A    $apictorial works $2czenas $S#7 $N655 
044K    $RTschechien $#Böhmische Kronländer $#Länder der Böhmischen Krone $#Sudetenland $#Böhmen $#Mähren $#Mährisch-Schlesien $#Österreichisch-Schlesien $#Tschechische Sozialistische Republik Böhmische Länder $#Tschechei Böhmische Länder $#Země koruny české $74069573-6 $8Böhmische Länder [Tg1] $9085195553 
044K    $RBöhmische Länder $RČeská SR $RTschechoslowakei $#Tschechien $#Tschechische Republik $#Tschechien $#Tschechische Republik $#Tschechenland $#Tschechei Tschechien $#Česká Republika $#Czech Republic $#ČR $74303381-7 $8Tschechien [Tg1] $9086659812 
044K    $RProtektorat Böhmen und Mähren $RSlowakei $RSlowakei $RTschechien $#Tschechoslowakei $#Tschechoslowakei $#Tschechoslowakei $#Tschechische und Slowakische Föderative Republik $#République Tchéco-Slovaque $#Tchécoslovaquie $#Československá Federativní Republika $#Česká a Slovenská Federativní Republika $#Czech and Slovak Federal Republic $#ČSFR $#ČSSR $#ČSR $#RČS $#Československo $#Československá Socialistická Republika $#Československá Republika $#Tschechoslowakische Sozialistische Republik $#Tschechoslowakische Republik $#Tschechoslowakische Föderative Republik $#Republika Československá $#Czechoslovakia $#Čechoslovakische Republik $#République Tchécho-Slovaque $#Tchéchoslovaquie $#Czechoslovak Socialist Republic $#Checoeslovaquia $#Cecoslovacchia $#Čechoslovakija $#République tchécoslovaque $74078435-6 $8Tschechoslowakei [Tg1] $9085222305 
044K    $#Kings and rulers $#Rois et souverains $#Monarch $74024600-0 $8Herrscher [Ts1] $9085061050 
044K    $RFortbewegung $RVerkehr $RTourismus $RReiseleitung $#Voyages and travels $#Voyages $#Viaggi $#Viaje $#Viajes $#Travel $#Reise $#Reisen $74049275-8 $8Reise [Ts1] $9085137510 
044K    $RBesucher $#Besuche $74144953-8 $8Besuch [Ts1] $9085575291 
045F    $a909 $eDDC23BSB 
045F/01 $a909 
045F/03 $f0902 
045F/03 $f0903 
045F/03 $f0904 
045F/03 $g4371 

lok: 53158103 24

exp: 53158103 24 1 #EPN
201B/01 $011-08-25 $t09:39:22.000 
201C/01 $007-07-25 
201U/01 $0utf8 
203@/01 $01312188510 
208@/01 $a31-07-25 $bz 
209A/01 $a25.03930 $du $f050 $h25 03930 $x00 
209C/01 $a25.03930 K $h25 03930 K 
209G/01 $a75091982 $x00 
220C/01 $akon 
247C/01 $8358050-7 Marburg, Bibliothek des Herder-Instituts Marburg $9102600961 

lok: 53158103 78

exp: 53158103 78 1 #EPN
201B/01 $028-08-25 $t13:51:34.000 
201C/01 $028-08-25 
201U/01 $0utf8 
203@/01 $0131704326X 
208@/01 $a28-08-25 $be 
209A/01 $a/ $f000 $x00 
209A/01 $ab*p $x01 
220C/01 $apgar 
244Z/01 $#Böhmische Kronländer $#Länder der Böhmischen Krone $#Sudetenland $#Böhmen $#Mähren $#Mährisch-Schlesien $#Österreichisch-Schlesien $#Tschechische Sozialistische Republik Böhmische Länder $#Tschechei Böhmische Länder $#Země koruny české $74069573-6 $8--Tg1--Böhmische Länder $x03 $9085195553 
247C/01 $82080>Marburg/Lahn, Herder-Institut, Forschungsbibliothek, Bibliographieportal $9336309341
LEADER 00000cam a22000002c 4500
001 531581039
003 DE-603
005 20250811094325.0
007 tu
008 250707s2024 xx |||| | u00||u|cze c
020 |a 9788024294162  |c ((vázáno)) 
020 |a 8024294168 
035 |a (DE-599)HEB531581039 
040 |a DE-603  |b ger  |c DE-603  |d DE-603  |e rda 
041 |a cze 
082 0 4 |8 1\u  |a 909  |q DE-101  |2 23/BSB 
085 |8 1\u  |b 909 
085 |8 1\u  |z 1  |s 0902 
085 |8 1\u  |z 1  |s 0903 
085 |8 1\u  |z 1  |s 0904 
085 |8 1\u  |z 2  |s 4371 
100 1 |a Fidler, Jiří  |d 1961-  |e Verfasser  |4 aut  |0 (DE-603)358677246  |0 (DE-588)1070634700  |2 gnd 
245 0 0 |a Cesty českých panovníků  |c Jiří Fidler, Jaroslav Synek 
250 |a Vydání první 
264 1 |a Praha  |b Euromedia Group  |c 2024 
300 |a 255 Seiten  |b Illustrationen, Porträts, Faksimiles, Karten  |c 28 cm 
336 |a Text  |b txt  |2 rdacontent 
336 |a unbewegtes Bild  |b sti  |2 rdacontent 
337 |a ohne Hilfsmittel zu benutzen  |b n  |2 rdamedia 
338 |a Band  |b nc  |2 rdacarrier 
490 0 |a Universum 
500 |a Literaturverzeichnis: Seite 254-255 
650 7 |a Herrscher  |0 (DE-588)4024600-0  |0 (DE-603)085061050  |2 gnd 
650 7 |a Reise  |0 (DE-588)4049275-8  |0 (DE-603)085137510  |2 gnd 
650 7 |a Besuch  |0 (DE-588)4144953-8  |0 (DE-603)085575291  |2 gnd 
651 7 |a Böhmische Länder  |0 (DE-588)4069573-6  |0 (DE-603)085195553  |2 gnd 
651 7 |a Tschechien  |0 (DE-588)4303381-7  |0 (DE-603)086659812  |2 gnd 
651 7 |a Tschechoslowakei  |0 (DE-588)4078435-6  |0 (DE-603)085222305  |2 gnd 
700 1 |a Synek, Jaroslav  |e Verfasser  |4 aut  |0 (DE-603)218685556 
924 0 |9 Mb 50  |a (DE-603)1312188510  |b DE-Mb50  |c HES  |d c  |g 25.03930 
924 0 |9 2080  |a (DE-603)131704326X  |b DE-2080  |c HES  |d d  |g /